<?xml version="1.0" encoding="UTF-8"?>
<record
    xmlns:xsi="http://www.w3.org/2001/XMLSchema-instance"
    xsi:schemaLocation="http://www.loc.gov/MARC21/slim http://www.loc.gov/standards/marcxml/schema/MARC21slim.xsd"
    xmlns="http://www.loc.gov/MARC21/slim">

  <leader>00708nam a22001337a 4500</leader>
  <datafield tag="040" ind1=" " ind2=" ">
    <subfield code="c">RUA</subfield>
  </datafield>
  <datafield tag="082" ind1=" " ind2=" ">
    <subfield code="a">AVM MON 2018 B658 Or.1</subfield>
  </datafield>
  <datafield tag="100" ind1=" " ind2=" ">
    <subfield code="a">MON CHANTRA &#x1798;&#x17C9;&#x17BB;&#x1793;&#x200B; &#x1785;&#x17B6;&#x1793;&#x17CB;&#x178F;&#x17D2;&#x179A;&#x17B6;</subfield>
  </datafield>
  <datafield tag="245" ind1=" " ind2=" ">
    <subfield code="a">parasites toxocara vitulorum in calves at char commune, preykabas district, atkeo province  &#x1794;&#x179A;&#x17B6;&#x179F;&#x17B7;&#x178F;&#x200B; toxocara vitulorum &#x1793;&#x17C5;&#x1780;&#x17D2;&#x1793;&#x17BB;&#x1784;&#x1780;&#x17D2;&#x179A;&#x1796;&#x17C7;&#x1796;&#x17C4;&#x17C7;&#x179C;&#x17C0;&#x1793;&#x1780;&#x17BC;&#x1793;&#x1782;&#x17C4; &#x1793;&#x17C5;&#x1783;&#x17BB;&#x17C6;&#x1785;&#x17B6;&#x179A;&#x179F;&#x17D2;&#x179A;&#x17BB;&#x1780;&#x200B; &#x1796;&#x17D2;&#x179A;&#x17C3;&#x1780;&#x1794;&#x17D2;&#x1794;&#x17B6;&#x179F;&#x200B;&#x200B;&#x200B; &#x1781;&#x17C1;&#x178F;&#x17D2;&#x178F;&#x178F;&#x17B6;&#x1780;&#x17C2;&#x1784;</subfield>
  </datafield>
  <datafield tag="260" ind1=" " ind2=" ">
    <subfield code="a">rua</subfield>
    <subfield code="b">phnom penh </subfield>
    <subfield code="c">2018</subfield>
  </datafield>
  <datafield tag="300" ind1=" " ind2=" ">
    <subfield code="a">x;35p</subfield>
    <subfield code="b">ill;</subfield>
    <subfield code="c">29cm</subfield>
  </datafield>
  <datafield tag="856" ind1=" " ind2=" ">
    <subfield code="u">https://drive.google.com/file/d/1_rtncy-NE5M55EFLWgIS2v97RCkoC1SC/view?usp=sharing</subfield>
  </datafield>
  <datafield tag="942" ind1=" " ind2=" ">
    <subfield code="c">AVM</subfield>
  </datafield>
  <datafield tag="999" ind1=" " ind2=" ">
    <subfield code="c">18925</subfield>
    <subfield code="d">18925</subfield>
  </datafield>
  <datafield tag="952" ind1=" " ind2=" ">
    <subfield code="0">0</subfield>
    <subfield code="1">0</subfield>
    <subfield code="2">ddc</subfield>
    <subfield code="4">0</subfield>
    <subfield code="6">AVM_MON_2018_000000000000000_B658_OR</subfield>
    <subfield code="7">0</subfield>
    <subfield code="9">83637</subfield>
    <subfield code="a">LBB</subfield>
    <subfield code="b">LBB</subfield>
    <subfield code="c">B658</subfield>
    <subfield code="d">2020-02-11</subfield>
    <subfield code="o">AVM MON 2018 B658 Or.</subfield>
    <subfield code="p">A064252</subfield>
    <subfield code="r">2020-02-11</subfield>
    <subfield code="w">2020-02-11</subfield>
    <subfield code="y">AVM</subfield>
  </datafield>
  <datafield tag="952" ind1=" " ind2=" ">
    <subfield code="0">0</subfield>
    <subfield code="1">0</subfield>
    <subfield code="2">ddc</subfield>
    <subfield code="4">0</subfield>
    <subfield code="6">AVM_MON_2018_000000000000000_B658_OR</subfield>
    <subfield code="7">0</subfield>
    <subfield code="9">83638</subfield>
    <subfield code="a">LBB</subfield>
    <subfield code="b">LBB</subfield>
    <subfield code="c">B658</subfield>
    <subfield code="d">2020-02-11</subfield>
    <subfield code="o">AVM MON 2018 B658 Or.</subfield>
    <subfield code="p">A063366</subfield>
    <subfield code="r">2020-02-11</subfield>
    <subfield code="w">2020-02-11</subfield>
    <subfield code="y">AVM</subfield>
  </datafield>
  <datafield tag="952" ind1=" " ind2=" ">
    <subfield code="0">0</subfield>
    <subfield code="1">0</subfield>
    <subfield code="2">ddc</subfield>
    <subfield code="4">0</subfield>
    <subfield code="6">AVM_MON_2018_000000000000000_B658_OR</subfield>
    <subfield code="7">0</subfield>
    <subfield code="9">83639</subfield>
    <subfield code="a">LBB</subfield>
    <subfield code="b">LBB</subfield>
    <subfield code="c">B658</subfield>
    <subfield code="d">2020-02-11</subfield>
    <subfield code="o">AVM MON 2018 B658 Or.</subfield>
    <subfield code="p">A063908</subfield>
    <subfield code="r">2020-02-11</subfield>
    <subfield code="w">2020-02-11</subfield>
    <subfield code="y">AVM</subfield>
  </datafield>
  <datafield tag="952" ind1=" " ind2=" ">
    <subfield code="0">0</subfield>
    <subfield code="1">0</subfield>
    <subfield code="2">ddc</subfield>
    <subfield code="4">0</subfield>
    <subfield code="6">AVM_MON_2018_000000000000000_B658_OR</subfield>
    <subfield code="7">0</subfield>
    <subfield code="9">83640</subfield>
    <subfield code="a">LBB</subfield>
    <subfield code="b">LBB</subfield>
    <subfield code="c">B658</subfield>
    <subfield code="d">2020-02-11</subfield>
    <subfield code="o">AVM MON 2018 B658 Or.</subfield>
    <subfield code="p">A063342</subfield>
    <subfield code="r">2020-02-11</subfield>
    <subfield code="w">2020-02-11</subfield>
    <subfield code="y">AVM</subfield>
  </datafield>
  <datafield tag="952" ind1=" " ind2=" ">
    <subfield code="0">0</subfield>
    <subfield code="1">0</subfield>
    <subfield code="2">ddc</subfield>
    <subfield code="4">0</subfield>
    <subfield code="6">AVM_MON_2018_000000000000000_B658_OR</subfield>
    <subfield code="7">0</subfield>
    <subfield code="9">83641</subfield>
    <subfield code="a">LBB</subfield>
    <subfield code="b">LBB</subfield>
    <subfield code="c">B658</subfield>
    <subfield code="d">2020-02-11</subfield>
    <subfield code="o">AVM MON 2018 B658 Or.</subfield>
    <subfield code="p">A063936</subfield>
    <subfield code="r">2020-02-11</subfield>
    <subfield code="w">2020-02-11</subfield>
    <subfield code="y">AVM</subfield>
  </datafield>
  <datafield tag="952" ind1=" " ind2=" ">
    <subfield code="0">0</subfield>
    <subfield code="1">0</subfield>
    <subfield code="2">ddc</subfield>
    <subfield code="4">0</subfield>
    <subfield code="6">AVM_MON_2018_000000000000000_B658_OR</subfield>
    <subfield code="7">0</subfield>
    <subfield code="9">86611</subfield>
    <subfield code="a">LBB</subfield>
    <subfield code="b">LBB</subfield>
    <subfield code="c">B558</subfield>
    <subfield code="d">2021-01-25</subfield>
    <subfield code="l">1</subfield>
    <subfield code="o">AVM MON 2018 B658 Or.</subfield>
    <subfield code="p">A064253</subfield>
    <subfield code="r">2022-08-24</subfield>
    <subfield code="s">2022-08-03</subfield>
    <subfield code="w">2021-01-25</subfield>
    <subfield code="y">AVM</subfield>
  </datafield>
</record>
